[Event "ROM-ch U10"]
[Site "Baile Felix"]
[Date "2017.02.09"]
[Round "9"]
[White "Covrig, Raul Alexandru"]
[Black "Sofrone, David Eduard"]
[Result "0-1"]
[WhiteElo "1162"]
[BlackElo "1155"]
[PlyCount "92"]
[EventDate "2017.02.02"]
[EventType "swiss"]
[EventRounds "9"]
[EventCountry "ROU"]
[SourceTitle "CBM 176 Extra"]
[Source "ChessBase"]
[SourceDate "2017.03.02"]
[SourceVersion "1"]
[SourceVersionDate "2017.03.02"]
[SourceQuality "1"]

1. e4 e6 2. d4 d5 3. Bd3 c5 4. c3 Nc6 5. Be3 Qb6 6. Qb3 c4 7. Qxb6 axb6 8. Bc2 Nge7 9. Nf3 Bd7 10. Nbd2 g6 11. 0-0 Bg7 12. b3 b5 13. h3 0-0 14. b4 Ra3 15. Nb1 Ra6 16. Nbd2 Rfa8 17. Bb1 Ra3 18. Rc1 R3a6 19. Kh1 dxe4 20. Nxe4 Nf5 21. Bd2 e5 22. dxe5 Nxe5 23. Nxe5 Bxe5 24. Nc5 Rd6 25. Be3 Nxe3 26. fxe3 Bc6 27. Kg1 b6 28. Ne4 Bxe4 29. Bxe4 Re8 30. Kf2 Bf6 31. Bf3 Rde6 32. e4 Bh4+ 33. Kg1 Bg5 34. Rc2 Be3+ 35. Kh1 Bf4 36. Rd1 Re5 37. Kg1 Be3+ 38. Kf1 Bf4 39. Ke2 f5 40. Kf2 fxe4 41. Bg4 e3+ 42. Ke2 Bg3 43. Kf3 Bf2 44. Re2 Rf8+ 45. Bf5 Rfxf5+ 46. Kg4 h5# 0-1

[Event "ROM-ch U08"]
[Site "Calimanesti Caciulata"]
[Date "2016.04.19"]
[Round "2"]
[White "Mihaila, Andrei"]
[Black "Sofrone, David Eduard"]
[Result "1/2-1/2"]
[WhiteElo "1186"]
[BlackElo "1001"]
[PlyCount "135"]
[EventDate "2016.04.18"]
[EventType "swiss"]
[EventRounds "9"]
[EventCountry "ROU"]
[SourceTitle "CBM 172 Extra"]
[Source "ChessBase"]
[SourceDate "2016.06.21"]
[SourceVersion "1"]
[SourceVersionDate "2016.06.21"]
[SourceQuality "1"]

1. d4 d5 2. Nf3 Nc6 3. c3 Nf6 4. Bg5 e6 5. Nbd2 Bd6 6. e3 Bd7 7. Bd3 0-0 8. Qc2 g6 9. 0-0 a6 10. c4 dxc4 11. Nxc4 Nb4 12. Qc3 Nxd3 13. Nxd6 cxd6 14. Qxd3 Bb5 15. Qd2 Bxf1 16. Rxf1 d5 17. Qe2 b5 18. Ne5 Rc8 19. Bxf6 Qxf6 20. Nd7 Qe7 21. Nxf8 Qxf8 22. f4 f5 23. g4 fxg4 24. Qxg4 Qf6 25. h4 h5 26. Qg5 Qxg5+ 27. fxg5 Rc2 28. Rf2 Rc1+ 29. Rf1 Rxf1+ 30. Kxf1 Kf7 31. Kf2 Ke7 32. Kf3 e5 33. dxe5 Ke6 34. Kf4 a5 35. b3 b4 36. Kg3 Kxe5 37. Kf3 d4 38. e4 d3 39. Ke3 d2 40. Kxd2 Kxe4 41. Ke2 Kf4 42. Kd3 Kg4 43. Kc4 Kxh4 44. Kb5 Kg4 45. Kxa5 h4 46. Kxb4 h3 47. a4 h2 48. a5 h1Q 49. Ka4 Kxg5 50. b4 Kh5 51. a6 Qa8 52. Ka5 g5 53. b5 g4 54. b6 Qd5+ 55. Kb4 g3 56. b7 g2 57. b8Q g1R 58. Qh8+ Kg4 59. Qg7+ Qg5 60. Qxg5+ Kxg5 61. Kb5 Rb1+ 62. Kc6 Ra1 63. Kb7 Kf6 64. a7 Rb1+ 65. Ka8 Ra1 66. Kb8 Ke7 67. a8Q Rxa8+ 68. Kxa8 1/2-1/2